000 01716nam0a2200325 4500
001 RU\NLR\bibl\2022891
005 20260406053339.0
010 _a5-98420-017-1
_9500
035 _a(NLR Aleph) 002011058
090 _a4457909
_c4457909
100 _a20130205d2005 |||y0rusy50 ca
101 0 _arus
102 _aRU
105 _aa |||||||||
200 1 _aЭнергоинформационные основы устойчивого развития
_e(на примере российских регионов)
_fВ.В. Бушуев, В.С. Голубев, Ю.Г. Селюков
_gГос. учреждение "Ин-т энерг. стратегии", Ин-т глобал. пробл. энергоэффективности и экологии
210 _aМосква
_cИАЦ "Энергия"
_d2005
215 _a60 с.
_cил.
_d20
225 1 _aЭнергетика в глобальной системе природа - общество - человек
320 _aБиблиогр.: с. 57 (11 назв.)
606 1 _aУстойчивого развития концепция
_yРоссийская Федерация
_92270123
_3RU\NLR\auth\661360677
686 _aУ9(2)-961-314(2Р)
700 1 _4070
_aБушуев
_bВ. В.
_cд-р техн. наук
_f1939-
_gВиталий Васильевич
_3RU\NLR\auth\778123
_9118041
701 1 _4070
_8rus
_7ca
_aГолубев
_bВ. С.
_cд-р геол.-минерал. наук
_f1936-
_gВладимир Степанович
_3RU\NLR\auth\7743757
_926700
701 1 _aСелюков
_bЮ. Г.
_4070
801 0 _aRU
_bNLR
_c20130205
_gRCR
801 1 _aRU
_bNLR
_c20130205
830 _aавт. по базе
942 _cBOOK
980 _aNB